[Event "Superettan(Schack 08-Orgryte)"]
[Site "?"]
[Date "2011.10.22"]
[Round "1"]
[White "Frisk Kockum, Anton"]
[Black "Ingbrant, Johan"]
[Result "1-0"]
[WhiteElo "2395"]
[BlackElo "2489"]
[PlyCount "129"]
[EventDate "2011.11.06"]
[SourceDate "2011.11.06"]

1. e4 d6 2. d4 Nf6 3. Nc3 e5 4. dxe5 dxe5 5. Qxd8+ Kxd8 6. Bg5 Be6 7. g3 h6 8.
O-O-O+ Nbd7 9. Bxf6+ gxf6 10. Bh3 c6 11. f4 exf4 12. gxf4 Bb4 13. Rd3 Ke7 14.
Nge2 Rag8 15. a3 Nc5 16. Rg3 Bxc3 17. Nxc3 Bxh3 18. Rxh3 Rg4 19. Rf1 h5 20. Re3
h4 21. Ne2 Rd8 22. h3 Rg2 23. Rd1 Rxd1+ 24. Kxd1 Ne6 25. Ke1 a5 26. Kf1 Rg8 27.
Kf2 a4 28. Rd3 Nc5 29. Rd4 b5 30. Kf3 Rb8 31. Rd2 Ne6 32. c3 Rg8 33. Rd1 Nc5
34. Rd2 Nb3 35. Rd3 Nc5 36. Rd1 Ne6 37. Rg1 Rb8 38. Ke3 c5 39. f5 Nc7 40. Nf4
b4 41. axb4 cxb4 42. cxb4 Rxb4 43. Nd3 Rb3 44. Ra1 Na6 45. Ra3 Kd6 46. Rxb3
axb3 47. Kd4 Nb8 48. Kc4 Nc6 49. Kxb3 Nd4+ 50. Kc4 Nf3 51. b4 Nd2+ 52. Kd4 Nf3+
53. Ke3 Ng5 54. Nf2 Kc6 55. Kf4 Kb5 56. Kg4 Kxb4 57. Kxh4 Kc3 58. Kg4 Kd4 59.
h4 Nh7 60. Kh5 Nf8 61. Kh6 Ke3 62. Kg7 Nd7 63. h5 Kxf2 64. h6 Ke3 65. h7 1-0

[Event "Superettan(Schack 08-Orgryte)"]
[Site "?"]
[Date "2011.10.22"]
[Round "1"]
[White "Renman, Nils-Gustaf"]
[Black "Ziegler, Ari"]
[Result "0-1"]
[WhiteElo "2429"]
[BlackElo "2382"]
[PlyCount "94"]
[EventDate "2011.??.??"]

1. d4 Nf6 2. Nf3 c5 3. d5 e6 4. c4 exd5 5. cxd5 d6 6. Nc3 g6 7. e4 Bg7 8. Nd2
a6 9. a4 Nbd7 10. Be2 O-O 11. O-O Re8 12. Ra3 Rb8 13. Re1 Ne5 14. Nf1 c4 15. a5
b5 16. axb6 Qxb6 17. Ne3 Qc5 18. h3 Rb4 19. Nc2 Rb8 20. Be3 Qc7 21. Ra2 Ned7
22. f3 Nh5 23. Qd2 Ng3 24. Bd1 Ne5 25. Bf2 Nh5 26. Be2 Qe7 27. g4 Qf6 28. gxh5
Bxh3 29. Nd4 gxh5 30. Kh1 Bh6 31. Rg1+ Kh8 32. Qe1 Rg8 33. Nf5 Bxf5 34. exf5
Qxf5 35. Qf1 Bf4 36. Ne4 Rxg1+ 37. Bxg1 Rg8 38. Bd4 Bg3 39. Ra1 Qf4 40. Qh3 f5
41. Nxg3 Qxd4 42. Nxh5 Nd3 43. Bxd3 cxd3 44. Rd1 d2 45. Nf6 Qxf6 46. Rxd2 Qg5
47. f4 Qg1# 0-1

[Event "Superettan(Schack 08-Orgryte)"]
[Site "?"]
[Date "2011.10.22"]
[Round "1"]
[White "Arnelind, Mikael"]
[Black "Faldt, Magnus"]
[Result "0-1"]
[WhiteElo "2192"]
[BlackElo "2240"]
[PlyCount "76"]

1. d4 d5 2. c4 c6 3. Nc3 Nf6 4. Nf3 dxc4 5. a4 Bf5 6. e3 e6 7. Bxc4 Bb4 8. O-O
Nbd7 9. Qb3 a5 10. Na2 Be7 11. Rd1 Qc7 12. Bd2 O-O 13. Rac1 Bg4 14. Be2 e5 15.
h3 Be6 16. Bc4 Bxc4 17. Qxc4 e4 18. Nh2 Bd6 19. Nf1 Nb6 20. Qb3 Nbd5 21. Nc3
Qe7 22. Nxd5 Nxd5 23. Ng3 g6 24. Rf1 h5 25. f4 Kh7 26. Qc2 Rfe8 27. Qd1 Bb4 28.
Bxb4 axb4 29. Re1 h4 30. Nh1 f5 31. Re2 Rg8 32. Re1 Rg7 33. Ra1 Kh6 34. Qe2 g5
35. fxg5+ Qxg5 36. Qf2 Rag8 37. Re2 f4 38. exf4 Nxf4 0-1

[Event "Superettan(Schack 08-Orgryte)"]
[Site "?"]
[Date "2011.10.22"]
[Round "1"]
[White "Ottenklev, Niclas"]
[Black "Eksmyr, Johan"]
[Result "1-0"]
[WhiteElo "2204"]
[BlackElo "2122"]
[PlyCount "65"]
[EventDate "2011.??.??"]

1. e4 c6 2. c4 d5 3. exd5 cxd5 4. cxd5 Nf6 5. Nc3 Nxd5 6. Nf3 Nc6 7. d4 e6 8.
Bd3 Be7 9. O-O O-O 10. Re1 b6 11. Nxd5 Qxd5 12. Be4 Qd6 13. Ne5 Bb7 14. Bf4 Bf6
15. Ng6 Qxd4 16. Nxf8 Rxf8 17. Qh5 g6 18. Qf3 Bg7 19. Rad1 Qf6 20. Rd7 Ba8 21.
Rc1 g5 22. Qh5 h6 23. Bd6 Rc8 24. Ba3 Qf4 25. b3 Bf8 26. g3 Qf6 27. Bb2 e5 28.
Bd5 Ne7 29. Rxc8 Bxd5 30. Re8 Bf3 31. Bxe5 Qf5 32. Rxf8+ Kh7 33. Rh8# 1-0

[Event "Superettan(Schack 08-Orgryte)"]
[Site "?"]
[Date "2011.10.22"]
[Round "1"]
[White "Goransson, Michael"]
[Black "Schutz, Ingemar"]
[Result "0-1"]
[WhiteElo "2013"]
[BlackElo "2232"]
[PlyCount "80"]
[EventDate "2011.??.??"]
[SourceDate "2011.11.06"]

1. d4 Nf6 2. Nf3 g6 3. Bg5 d5 4. e3 Bg7 5. Bd3 O-O 6. O-O Nbd7 7. Nbd2 Re8 8.
c4 c6 9. Qb3 Qb6 10. Qxb6 axb6 11. Bf4 dxc4 12. Bxc4 b5 13. Bb3 c5 14. a4 bxa4
15. Bxa4 cxd4 16. exd4 Nd5 17. Be5 Bh6 18. Ne4 Rd8 19. Bb3 Rxa1 20. Rxa1 Nxe5
21. dxe5 Bg4 22. Nfg5 Bg7 23. f3 h6 24. Rd1 hxg5 25. Rxd5 Rxd5 26. Bxd5 Bc8 27.
Nxg5 e6 28. Bc4 Bxe5 29. b3 Kf8 30. g3 Ke7 31. Ne4 f5 32. Ng5 Bd4+ 33. Kf1 Be3
34. f4 e5 35. Nh3 e4 36. Ng5 Bd7 37. Bf7 Bb5+ 38. Kg2 Bd2 39. Bxg6 e3 40. Nf3
Bc6 0-1

[Event "Superettan(Schack 08-Orgryte)"]
[Site "?"]
[Date "2011.10.22"]
[Round "1"]
[White "Fredriksson, Leif"]
[Black "Svedberg, Hans"]
[Result "1-0"]
[WhiteElo "2131"]
[BlackElo "2078"]
[PlyCount "63"]

1. e4 d6 2. d4 Nf6 3. Nc3 e5 4. Nf3 Nbd7 5. g3 Be7 6. Bg2 c6 7. O-O O-O 8. h3
h5 9. Be3 Re8 10. Qd2 Qc7 11. Nh2 b6 12. f4 Ba6 13. Rf2 Rad8 14. Re1 Nf8 15.
Qc1 Ne6 16. Nf3 exd4 17. Nxd4 Nxd4 18. Bxd4 d5 19. exd5 Nxd5 20. Nxd5 cxd5 21.
Qd2 h4 22. g4 Bc5 23. Rd1 Rd7 24. f5 Qg3 25. Bxc5 bxc5 26. Re1 Rxe1+ 27. Qxe1
Qb8 28. f6 g6 29. Rf3 Rd6 30. Re3 Rd8 31. Bxd5 g5 32. Re5 1-0

[Event "Superettan(Schack 08-Orgryte)"]
[Site "?"]
[Date "2011.10.22"]
[Round "1"]
[White "Forsberg, Jan-Olof"]
[Black "Hansson, Christian"]
[Result "1/2-1/2"]
[WhiteElo "2106"]
[BlackElo "2100"]
[PlyCount "52"]

1. d4 Nf6 2. c4 e5 3. dxe5 Ng4 4. Bf4 Nc6 5. Nf3 Bb4+ 6. Nbd2 Qe7 7. e3 Ngxe5
8. Nxe5 Nxe5 9. Be2 d6 10. O-O Bd7 11. Nb1 a5 12. a3 Bc5 13. Nc3 c6 14. Ne4 f6
15. Nxc5 dxc5 16. Qd2 O-O 17. Rad1 Rfd8 18. Qc3 a4 19. Rd2 Be8 20. Rfd1 Rxd2
21. Rxd2 Bg6 22. Bxe5 fxe5 23. Bg4 Rf8 24. g3 Qf6 25. f4 exf4 26. Qxf6 gxf6
1/2-1/2

[Event "Superettan(Schack 08-Orgryte)"]
[Site "?"]
[Date "2011.10.22"]
[Round "1"]
[White "Arvidsson, Tomas"]
[Black "Anderzen, Robert"]
[Result "1-0"]
[WhiteElo "2040"]
[BlackElo "1800"]
[PlyCount "59"]

1. e4 c5 2. Nc3 Nc6 3. g3 g6 4. Bg2 Bg7 5. d3 e6 6. Be3 d6 7. Nge2 Nd4 8. O-O
Ne7 9. Nf4 O-O 10. Qd2 Rb8 11. a3 b5 12. b4 cxb4 13. axb4 Qc7 14. Ra3 a6 15.
Rc1 Bb7 16. Nd1 Rfc8 17. c3 Ndc6 18. d4 Nd8 19. Nd3 Qd7 20. Bh6 Rc7 21. Bxg7
Kxg7 22. Ne3 f5 23. f3 Rbc8 24. Rd1 Nf7 25. e5 dxe5 26. Nc5 Qd6 27. dxe5 Qb6
28. f4 Rd8 29. Qf2 Bxg2 30. Rxa6 1-0

[Event "Superettan(Burgsvik-Lulea)"]
[Site "?"]
[Date "2011.10.22"]
[Round "1"]
[White "Astrom, Robert"]
[Black "Fries Nielsen, Jens Ove"]
[Result "1-0"]
[WhiteElo "2500"]
[BlackElo "2404"]
[PlyCount "85"]
[EventDate "2011.??.??"]

1. d4 f5 2. g3 Nf6 3. Bg2 c6 4. Nf3 b5 5. O-O e6 6. b3 Be7 7. c4 bxc4 8. bxc4
O-O 9. Nc3 Ne4 10. Qc2 Ba6 11. Nxe4 fxe4 12. Qxe4 Bxc4 13. Qc2 Ba6 14. Rb1 Kh8
15. h4 d5 16. Re1 c5 17. dxc5 Qc7 18. Be3 Nc6 19. Bg5 Bf6 20. e4 Bxg5 21. Nxg5
Nd4 22. Qa4 Bc4 23. exd5 Qxc5 24. Ne4 Qxd5 25. Rbd1 e5 26. Ng5 Qc5 27. Bxa8
Ne2+ 28. Rxe2 Bxe2 29. Ne4 Bxd1 30. Qxd1 Qd4 31. Qxd4 exd4 32. Bd5 Rc8 33. Kg2
a5 34. Bb3 Rc1 35. Kf3 Ra1 36. Ke2 a4 37. Bd5 g6 38. Nc5 a3 39. Ne6 d3+ 40.
Kxd3 Rd1+ 41. Ke4 h6 42. Bb3 Rb1 43. Nd4 1-0

[Event "Superettan(Burgsvik-Lulea)"]
[Site "?"]
[Date "2011.10.22"]
[Round "1"]
[White "Fries Nielsen, Niels J"]
[Black "Larsson, Anders"]
[Result "1/2-1/2"]
[WhiteElo "2395"]
[BlackElo "2356"]
[PlyCount "189"]
[EventDate "2011.??.??"]
[SourceDate "2011.11.06"]

1. g3 Nf6 2. Bg2 d5 3. Nf3 c6 4. O-O Bf5 5. d3 e6 6. b3 Be7 7. Bb2 O-O 8. Nbd2
a5 9. Ne5 Nbd7 10. e4 Bg6 11. Nxg6 hxg6 12. e5 Nh7 13. a4 b5 14. axb5 cxb5 15.
c4 Nc5 16. cxd5 exd5 17. Qe2 Qd7 18. h4 a4 19. Ba3 Rfd8 20. d4 Ne6 21. Bxe7
Qxe7 22. Qxb5 Nxd4 23. Qd3 Nxb3 24. Nxb3 axb3 25. Rxa8 Rxa8 26. Bxd5 Rb8 27. e6
fxe6 28. Bxb3 Nf8 29. Re1 Rd8 30. Qe3 Rd6 31. Ra1 Qf6 32. Re1 Qf5 33. Qe5 Rb6
34. Bc4 Rb1 35. Kg2 Rxe1 36. Qxe1 Qf6 37. Qe3 Qf5 38. Bd3 Qf6 39. Qe4 Qd8 40.
Bc4 Qf6 41. Be2 Qf5 42. Qc4 Qf6 43. Bg4 Qf7 44. Qe4 Qf6 45. Qe3 Qf7 46. Qe5 Qf6
47. Qe4 Qf7 48. Qc6 Qf6 49. Qe8 Qe5 50. Qa8 Qf6 51. Qb8 Qf7 52. Qd6 Qf6 53. Bh3
Qf7 54. Bg4 Qf6 55. Bf3 Qf7 56. Bc6 Qf6 57. Be8 Qf5 58. Qc6 Qf6 59. Qb7 Qf5 60.
Qf3 Qf6 61. Bc6 Qf5 62. g4 Qf6 63. g5 Qf5 64. Qxf5 gxf5 65. Be8 e5 66. g6 Kh8
67. Bf7 Nd7 68. Be6 Nf6 69. Kf3 f4 70. Bf7 e4+ 71. Kxf4 e3 72. Kxe3 Ng4+ 73.
Kf4 Nxf2 74. Bc4 Ng4 75. Be2 Nf6 76. Bf3 Nd5+ 77. Kg5 Nf6 78. Bc6 Ng8 79. Bd7
Nh6 80. Be6 Ng8 81. Bxg8 Kxg8 82. Kf5 Kh8 83. Ke6 Kg8 84. Ke7 Kh8 85. h5 Kg8
86. Ke8 Kh8 87. Ke7 Kg8 88. Ke6 Kh8 89. Kf5 Kg8 90. Kg5 Kh8 91. h6 Kg8 92. Kh5
gxh6 93. Kxh6 Kh8 94. g7+ Kg8 95. Kg6 1/2-1/2

[Event "Superettan(Burgsvik-Lulea)"]
[Site "?"]
[Date "2011.10.22"]
[Round "1"]
[White "Andersson, Bjorn"]
[Black "Engstrom, Kaj"]
[Result "1-0"]
[WhiteElo "2302"]
[BlackElo "2285"]
[PlyCount "49"]
[SourceDate "2011.11.06"]

1. e4 c5 2. Nf3 e6 3. d4 cxd4 4. Nxd4 a6 5. Bd3 Bc5 6. Nb3 Ba7 7. Nc3 Nc6 8.
Qe2 d6 9. Be3 Nf6 10. f4 e5 11. Bxa7 Rxa7 12. h3 Be6 13. f5 Bxb3 14. axb3 d5
15. exd5 Nxd5 16. Nxd5 Qxd5 17. Be4 Qc5 18. Bxc6+ bxc6 19. O-O-O f6 20. Qh5+
Ke7 21. Rd3 h6 22. Qg4 Rg8 23. Rhd1 a5 24. Rd8 h5 25. Qg6 1-0

[Event "Superettan(Burgsvik-Lulea)"]
[Site "?"]
[Date "2011.10.22"]
[Round "1"]
[White "Radovic, Stefan"]
[Black "Linusson, Pelle"]
[Result "1/2-1/2"]
[WhiteElo "2200"]
[BlackElo "2127"]
[PlyCount "85"]
[EventDate "2011.??.??"]

1. c4 b6 2. d4 e6 3. Nf3 Bb7 4. g3 Bb4+ 5. Bd2 Bxf3 6. exf3 Bxd2+ 7. Qxd2 Qf6
8. f4 d5 9. Nc3 c6 10. Bg2 Ne7 11. cxd5 exd5 12. O-O O-O 13. b4 Rd8 14. Rfd1 a6
15. a4 h6 16. h4 Nf5 17. Rac1 b5 18. Rc2 Nd7 19. Bf1 Nb6 20. Ra2 Nc4 21. Bxc4
bxc4 22. Rb2 Rab8 23. b5 axb5 24. axb5 cxb5 25. Rxb5 Rxb5 26. Nxb5 Qb6 27. Nc3
h5 28. Kh2 g6 29. Kg1 Qa5 30. Rb1 Nd6 31. Qb2 Nf5 32. Qd2 Qa7 33. Rd1 Qb6 34.
Kh2 Kg7 35. Kg1 Rd7 36. Kh2 Qa5 37. Rb1 Qa7 38. Rd1 Qb6 39. Kg1 Kh7 40. Kh2 Qf6
41. Kg1 Qb6 42. Kh2 Qf6 43. Kg1 1/2-1/2

[Event "Superettan(Burgsvik-Lulea)"]
[Site "?"]
[Date "2011.10.22"]
[Round "1"]
[White "Krupenski, Juri"]
[Black "Rolen, Magnus"]
[Result "1-0"]
[WhiteElo "2256"]
[BlackElo "2165"]
[PlyCount "61"]
[SourceDate "2011.11.06"]

1. d4 c5 2. d5 e6 3. c4 exd5 4. cxd5 d6 5. Nc3 g6 6. Nf3 a6 7. a4 Bg7 8. Nd2
Nd7 9. e4 Ne7 10. Be2 O-O 11. Qb3 Kh8 12. Nc4 Ne5 13. Nb6 Rb8 14. f4 c4 15.
Nxc4 Nxc4 16. Qxc4 f5 17. O-O fxe4 18. g4 b5 19. axb5 axb5 20. Qxe4 b4 21. Nd1
Re8 22. Qd3 Bb7 23. Bf3 Ra8 24. Rxa8 Qxa8 25. Re1 Rc8 26. Rxe7 Rxc1 27. Qb5
Bd4+ 28. Kg2 Rc2+ 29. Kg3 Ba6 30. Re8+ Kg7 31. Qd7+ 1-0

[Event "Superettan(Burgsvik-Lulea)"]
[Site "?"]
[Date "2011.10.22"]
[Round "1"]
[White "Pousette, Gunnar"]
[Black "Scheid, Adam"]
[Result "1/2-1/2"]
[WhiteElo "2082"]
[BlackElo "1977"]
[PlyCount "102"]

1. c4 e5 2. g3 Nf6 3. Bg2 Bc5 4. Nc3 Nc6 5. e3 d6 6. Nge2 Bg4 7. O-O O-O 8. a3
a5 9. d3 Qd7 10. Nd5 Nxd5 11. cxd5 Ne7 12. Qc2 Bh3 13. e4 Qg4 14. Be3 Bxe3 15.
fxe3 c6 16. dxc6 Nxc6 17. Nc3 Rae8 18. Bxh3 Qxh3 19. Qg2 Qg4 20. Nd5 Re6 21.
Rf5 Ne7 22. Nxe7+ Rxe7 23. Raf1 Rc7 24. Qf3 Qxf3 25. R5xf3 Rfc8 26. R3f2 f6 27.
Rd2 Kf7 28. Kf2 Rc2 29. Ke2 Ke6 30. Rb1 Rc1 31. Rxc1 Rxc1 32. d4 exd4 33. exd4
f5 34. exf5+ Kxf5 35. Kd3 d5 36. Re2 Rd1+ 37. Kc3 Rc1+ 38. Kd2 Rh1 39. Re5+ Kf6
40. h4 Rg1 41. Rxd5 Rxg3 42. Rxa5 Rg4 43. Ke3 Rg3+ 44. Kf4 Rb3 45. Rf5+ Ke6 46.
Re5+ Kf6 47. Re2 Rh3 48. Kg4 Rd3 49. Re4 Rb3 50. Re2 Rd3 51. Re4 Rb3 1/2-1/2

[Event "Superettan(Burgsvik-Lulea)"]
[Site "?"]
[Date "2011.10.22"]
[Round "1"]
[White "Akerman, Axel"]
[Black "Marcussen, Arno"]
[Result "1-0"]
[WhiteElo "2125"]
[BlackElo "2147"]
[PlyCount "145"]

1. e4 c5 2. Nc3 Nc6 3. Bb5 g6 4. Bxc6 bxc6 5. d3 Bg7 6. f4 d5 7. Nf3 e6 8. O-O
Ne7 9. Qe1 Ba6 10. f5 dxe4 11. f6 exf3 12. fxg7 Qd4+ 13. Be3 Qxg7 14. Rxf3 c4
15. Ne4 Nf5 16. Bc5 O-O-O 17. Qa5 Bb7 18. Raf1 cxd3 19. cxd3 h5 20. d4 Nxd4 21.
Re3 Nf5 22. Rb3 Qe5 23. Qxa7 Qb8 24. Qb6 Rd7 25. Nf6 Rd2 26. Ne4 Rd7 27. Qb4
Rhd8 28. Bb6 Rh8 29. Qc3 e5 30. Nc5 Re7 31. Nxb7 Qxb7 32. Bc5 Qd7 33. Bxe7 Nxe7
34. Qxe5 Qa7+ 35. Qe3 Qxe3+ 36. Rxe3 Nd5 37. Ra3 Kc7 38. Rxf7+ Kd6 39. Rg7 Nf4
40. g3 Ne2+ 41. Kf2 Nd4 42. Rxg6+ Kc5 43. Rc3+ Kb5 44. a4+ Kb4 45. Rd6 c5 46.
Rd5 Nb3 47. a5 h4 48. g4 Rg8 49. h3 Ra8 50. Rxb3+ Kxb3 51. Rxc5 Kb4 52. Re5 Rc8
53. g5 Rc2+ 54. Kf3 Rxb2 55. Kg4 Kc4 56. a6 Ra2 57. Re6 Kd5 58. Rb6 Ke5 59.
Kxh4 Kf5 60. Kh5 Rc2 61. Rf6+ Ke5 62. h4 Rc7 63. Kg6 Rc8 64. Kg7 Ra8 65. h5
Ra7+ 66. Kg6 Ra8 67. h6 Rg8+ 68. Kh5 Rh8 69. a7 Ra8 70. Rf7 Rh8 71. g6 Ke6 72.
h7 Rc8 73. Kh6 1-0

[Event "Superettan(Farsta-Wasa)"]
[Site "?"]
[Date "2011.10.22"]
[Round "1"]
[White "Wedberg, Tom"]
[Black "Livner, Anders"]
[Result "1-0"]
[WhiteElo "2536"]
[BlackElo "2439"]
[PlyCount "51"]
[EventDate "2011.??.??"]

1. e4 c6 2. d4 d5 3. Nd2 dxe4 4. Nxe4 Bf5 5. Ng3 Bg6 6. Nh3 e6 7. Nf4 Bd6 8.
Bc4 Nf6 9. c3 O-O 10. Nxg6 hxg6 11. Be3 Nbd7 12. Qf3 Qc7 13. O-O-O c5 14. Bb3
b5 15. h4 b4 16. h5 Bxg3 17. hxg6 c4 18. Bc2 bxc3 19. fxg3 Qa5 20. Bf4 Nb6 21.
Rh4 Qxa2 22. bxc3 Rfd8 23. Rh8+ Kxh8 24. gxf7 Qa1+ 25. Kd2 Qxd1+ 26. Qxd1 1-0

[Event "Superettan(Farsta-Wasa)"]
[Site "?"]
[Date "2011.10.22"]
[Round "1"]
[White "Backelin, Rikard"]
[Black "Astrom, Goran"]
[Result "1/2-1/2"]
[WhiteElo "2440"]
[BlackElo "2323"]
[PlyCount "117"]
[SourceDate "2011.11.06"]

1. Nf3 c5 2. g3 b6 3. Bg2 Bb7 4. O-O Nf6 5. c4 e6 6. Nc3 Be7 7. d4 cxd4 8. Qxd4
d6 9. Bg5 a6 10. Bxf6 Bxf6 11. Qf4 O-O 12. Rfd1 Be7 13. Ne4 Bxe4 14. Qxe4 Ra7
15. Nd4 Rc7 16. b3 Re8 17. Rd2 Bf8 18. Rad1 Rc5 19. e3 Qc8 20. Qa8 Rd8 21. a4
Qc7 22. Qb7 Qxb7 23. Bxb7 Rd7 24. Bf3 Rdc7 25. Kg2 g6 26. Be2 Rc8 27. f4 R5c7
28. Nf3 Nc6 29. Ng5 Nb4 30. Kf3 d5 31. e4 h6 32. Nh3 dxe4+ 33. Kxe4 Bc5 34. Kf3
a5 35. Nf2 Bxf2 36. Kxf2 Na6 37. Rd6 Rb8 38. Rd8+ Rxd8 39. Rxd8+ Kg7 40. Rd6
Rb7 41. Bf3 Rb8 42. Ke3 Nc5 43. Bd1 Kf6 44. Bc2 Ke7 45. Rd2 Rd8 46. Rxd8 Kxd8
47. Kd4 Kc7 48. Bd1 Kd6 49. Bc2 g5 50. fxg5 hxg5 51. h4 gxh4 52. gxh4 f5 53. h5
Nd7 54. h6 Nf6 55. Kc3 Kc5 56. Bd3 Nh7 57. Bc2 Nf6 58. Bd3 Nh7 59. Bc2 1/2-1/2

[Event "Superettan(Farsta-Wasa)"]
[Site "?"]
[Date "2011.10.22"]
[Round "1"]
[White "Hellborg, Teodor"]
[Black "Hjelm, Niclas"]
[Result "1/2-1/2"]
[WhiteElo "2362"]
[BlackElo "2367"]
[PlyCount "33"]

1. d4 d5 2. c4 c6 3. Nf3 Nf6 4. Nc3 dxc4 5. a4 e6 6. e3 c5 7. Bxc4 cxd4 8. exd4
Nc6 9. O-O Be7 10. Re1 O-O 11. h4 Bd7 12. Bg5 Nb4 13. Qb3 a5 14. Rad1 Bc6 15.
Ne5 Nfd5 16. Ne4 h6 17. Bxe7 1/2-1/2

[Event "Superettan(Farsta-Wasa)"]
[Site "?"]
[Date "2011.10.22"]
[Round "1"]
[White "von Bahr, Oskar"]
[Black "Collett, Peter"]
[Result "1-0"]
[WhiteElo "2346"]
[BlackElo "2262"]
[PlyCount "31"]
[EventDate "2011.??.??"]

1. c4 c5 2. g3 Nc6 3. Bg2 g6 4. Nc3 Bg7 5. Nf3 e5 6. O-O d6 7. a3 a5 8. Ne1 Be6
9. d3 Nge7 10. Nc2 d5 11. cxd5 Nxd5 12. Ne3 Nxc3 13. bxc3 a4 14. Nc4 Qc7 15.
Rb1 Ra6 16. Rxb7 1-0

[Event "Superettan(Farsta-Wasa)"]
[Site "?"]
[Date "2011.10.22"]
[Round "1"]
[White "Lissang, Christopher"]
[Black "Nordstrom, Felix"]
[Result "1-0"]
[WhiteElo "2294"]
[BlackElo "2159"]
[PlyCount "57"]

1. d4 d5 2. Nf3 Nf6 3. c4 dxc4 4. Qa4+ Qd7 5. Qxc4 Qc6 6. Qxc6+ Nxc6 7. Bf4 Nd5
8. Bg3 e6 9. a3 Bd6 10. e4 Nb6 11. Nc3 Bd7 12. O-O-O Bxg3 13. hxg3 Ne7 14. Ne5
O-O 15. Bd3 Rfd8 16. Bc2 Be8 17. g4 Rd6 18. g5 Ng6 19. Nf3 Bc6 20. Rh3 Rad8 21.
Rdh1 Nf8 22. d5 exd5 23. e5 R6d7 24. Bxh7+ Nxh7 25. Rxh7 Kf8 26. Nd4 Ke7 27.
Rxg7 Rf8 28. e6 Rd6 29. Re1 1-0

[Event "Superettan(Farsta-Wasa)"]
[Site "?"]
[Date "2011.10.22"]
[Round "1"]
[White "Berkell, Peder"]
[Black "Wieweg, Johnny"]
[Result "1-0"]
[WhiteElo "2143"]
[BlackElo "2191"]
[PlyCount "43"]

1. d4 Nf6 2. Nf3 g6 3. c4 Bg7 4. Nc3 O-O 5. e3 d6 6. Be2 b6 7. b3 Bb7 8. Qc2 c5
9. Bb2 cxd4 10. exd4 d5 11. O-O Nc6 12. Rad1 e6 13. Ne5 a6 14. Ba3 Re8 15. cxd5
Nxd5 16. Nxd5 Qxd5 17. Bf3 Nxd4 18. Bxd5 Nxc2 19. Bxb7 Ra7 20. Bc6 Rc8 21. Bd6
f6 22. Bd7 1-0

[Event "Superettan(Farsta-Wasa)"]
[Site "?"]
[Date "2011.10.22"]
[Round "1"]
[White "Hanninger, Simon"]
[Black "Wenzel, Birger"]
[Result "1-0"]
[WhiteElo "2255"]
[BlackElo "2060"]
[PlyCount "157"]
[EventDate "2011.??.??"]

1. e4 c5 2. Nc3 e6 3. g3 d5 4. exd5 exd5 5. Bg2 d4 6. Nd5 Bd6 7. d3 Nc6 8. Ne2
Nge7 9. Bf4 Nxd5 10. Bxd5 Ne7 11. Bg2 Rb8 12. O-O O-O 13. Re1 Ng6 14. Qd2 Nxf4
15. Nxf4 Bxf4 16. Qxf4 Be6 17. Re5 b6 18. Qe4 Qf6 19. Re1 g6 20. a3 Rfc8 21. h3
Kg7 22. Re2 h5 23. f4 Bd7 24. Re7 Bc6 25. Qe5 Qxe5 26. R2xe5 Bxg2 27. Kxg2 a5
28. Kf3 c4 29. Ke4 cxd3 30. Kxd3 Rc5 31. a4 Rbc8 32. Rxc5 Rxc5 33. Rb7 Rc6 34.
Rd7 Kf6 35. Rxd4 Ke6 36. c4 Rc5 37. g4 hxg4 38. hxg4 Rc6 39. Rd5 Kf6 40. b3 Ke6
41. Kd4 Ke7 42. Ke4 Rc8 43. Rb5 Rc6 44. Re5+ Kd7 45. Kd4 Rf6 46. Ke4 Rc6 47.
Rd5+ Ke7 48. g5 f6 49. gxf6+ Rxf6 50. c5 bxc5 51. Rxc5 Ra6 52. Kd5 Kd7 53. Ke5
Re6+ 54. Kd4 Ra6 55. Rg5 Kc7 56. Kc4 Kc8 57. Kb5 Kb7 58. Re5 Rf6 59. Re7+ Kb8
60. Rg7 Rxf4 61. Kxa5 Rf5+ 62. Kb6 Rf6+ 63. Kc5 Rf5+ 64. Kc4 Rf4+ 65. Kc3 Rf3+
66. Kb4 Rf4+ 67. Ka3 Rf6 68. a5 Re6 69. b4 Rf6 70. Ka4 Re6 71. b5 Re4+ 72. Kb3
Re3+ 73. Kc4 Re6 74. b6 Rf6 75. Kb5 Re6 76. Ka6 Kc8 77. Ka7 Re5 78. b7+ Kd8 79.
b8=Q# 1-0

[Event "Superettan(SodraSASS-Rodeby)"]
[Site "?"]
[Date "2011.10.22"]
[Round "1"]
[White "Wahlbom, Magnus"]
[Black "Furhoff, Johan"]
[Result "1/2-1/2"]
[WhiteElo "2294"]
[BlackElo "2403"]
[PlyCount "38"]
[SourceDate "2011.11.07"]

1. d4 d5 2. c4 c6 3. Nc3 Nf6 4. Nf3 dxc4 5. a4 Bf5 6. e3 e6 7. Bxc4 Bb4 8. O-O
O-O 9. Qe2 Bg6 10. Ne5 Nbd7 11. Nxg6 hxg6 12. Rd1 Qa5 13. Bd2 e5 14. dxe5 Nxe5
15. Bb3 Rad8 16. Be1 g5 17. Rxd8 Rxd8 18. Rd1 g4 19. Rxd8+ Qxd8 1/2-1/2

[Event "Superettan(SodraSASS-Rodeby)"]
[Site "?"]
[Date "2011.10.22"]
[Round "1"]
[White "Eriksson, Bengt"]
[Black "Winge, Stefan"]
[Result "0-1"]
[WhiteElo "2119"]
[BlackElo "2312"]
[PlyCount "68"]

1. d4 Nf6 2. Bg5 Ne4 3. h4 c5 4. d5 g6 5. Qd3 Qb6 6. Nd2 Nxg5 7. Nc4 Qa6 8.
hxg5 Bg7 9. c3 b5 10. Na3 c4 11. Qd2 b4 12. Nb1 Qb6 13. e3 a5 14. a3 bxc3 15.
Nxc3 Ba6 16. Rh4 O-O 17. Nf3 Rc8 18. Nd4 e5 19. dxe6 dxe6 20. Rc1 Nd7 21. Na4
Qd8 22. Nf3 Bb5 23. Nc3 Rab8 24. Rd1 Rc7 25. Nd4 Ba6 26. b3 Qxg5 27. Nf3 Qe7
28. Bxc4 Ne5 29. Nxe5 Qxh4 30. Nf3 Qe7 31. Ne2 Bxc4 32. bxc4 Qxa3 33. Rc1 Rbc8
34. Ng5 Qb4 0-1

[Event "Superettan(SodraSASS-Rodeby)"]
[Site "?"]
[Date "2011.10.22"]
[Round "1"]
[White "Holmqvist, Gunnar"]
[Black "Ostling, Hakan"]
[Result "1/2-1/2"]
[WhiteElo "2265"]
[BlackElo "2238"]
[PlyCount "98"]

1. Nf3 g6 2. d4 f5 3. g3 Nf6 4. Bg2 Bg7 5. O-O O-O 6. c4 d6 7. Nc3 Qe8 8. Nd5
Nxd5 9. cxd5 Nd7 10. Qc2 Nb6 11. Qxc7 Nxd5 12. Qc4 e6 13. Ng5 Nb6 14. Qb4 Qe7
15. Nh3 h6 16. Nf4 Kh7 17. a4 g5 18. a5 gxf4 19. axb6 a5 20. Qc4 fxg3 21. hxg3
Qd8 22. Be3 Qxb6 23. Rfb1 d5 24. Qa4 Qa7 25. b4 Bxd4 26. Bxd4 Qxd4 27. bxa5
Qxa4 28. Rxa4 Rf7 29. Raa1 Rc7 30. Rb3 Rc5 31. Rba3 Kg6 32. e3 Kf6 33. Bf1 Ke5
34. Bd3 Ra7 35. Kf1 Bd7 36. a6 bxa6 37. Rxa6 Rxa6 38. Bxa6 Bc6 39. Bd3 Bb5 40.
f4+ Kf6 41. Bxb5 Rxb5 42. Kf2 Rb2+ 43. Kf3 Rb3 44. Kf2 Rb6 45. Ra7 Rb4 46. Rh7
Kg6 47. Re7 Re4 48. Kf3 h5 49. Re8 Kf7 1/2-1/2

[Event "Superettan(SodraSASS-Rodeby)"]
[Site "?"]
[Date "2011.10.22"]
[Round "1"]
[White "Dolgov, Mikhail"]
[Black "Adler, Bo"]
[Result "1/2-1/2"]
[WhiteElo "2010"]
[BlackElo "2220"]
[PlyCount "27"]

1. e4 e5 2. Nf3 Nc6 3. Bb5 a6 4. Ba4 d6 5. c4 f5 6. d4 fxe4 7. Nxe5 dxe5 8.
Qh5+ Ke7 9. Bxc6 bxc6 10. Bg5+ Nf6 11. dxe5 Qd4 12. exf6+ gxf6 13. Be3 Qe5 14.
Qxe5+ 1/2-1/2

[Event "Superettan(SodraSASS-Rodeby)"]
[Site "?"]
[Date "2011.10.22"]
[Round "1"]
[White "Fors, Tomas"]
[Black "Bernhardsson, Sten"]
[Result "1-0"]
[WhiteElo "2030"]
[BlackElo "2009"]
[PlyCount "37"]

1. d4 d5 2. c4 e6 3. Nc3 Nf6 4. Bg5 Be7 5. e3 O-O 6. Nf3 Nbd7 7. Qc2 c5 8.
O-O-O cxd4 9. Rxd4 Qa5 10. cxd5 exd5 11. Kb1 Nb6 12. Nd2 Nc4 13. Nb3 Qb4 14. a3
Qb6 15. Bxf6 Bxf6 16. Nxd5 Qd6 17. Nxf6+ Qxf6 18. Bxc4 Bf5 19. e4 1-0

[Event "Superettan(SodraSASS-Rodeby)"]
[Site "?"]
[Date "2011.10.22"]
[Round "1"]
[White "Lacic, Dragan"]
[Black "Alqvist, Erik"]
[Result "0-1"]
[WhiteElo "1933"]
[BlackElo "1993"]
[PlyCount "50"]

1. e4 d6 2. d4 Nf6 3. Nc3 g6 4. f4 Bg7 5. Nf3 O-O 6. Bd3 Na6 7. Be3 c5 8. h3
cxd4 9. Nxd4 Nc5 10. Qd2 a6 11. O-O-O b5 12. g4 Bb7 13. Qg2 b4 14. Nd5 Nxd5 15.
exd5 Nxd3+ 16. Rxd3 Qa5 17. Nb3 Qxa2 18. Bd4 Rac8 19. Bxg7 Kxg7 20. h4 a5 21.
h5 a4 22. Nd4 Bxd5 23. Nf5+ gxf5 24. Rxd5 Qa1+ 25. Kd2 Qxb2 0-1

[Event "Superettan(SodraSASS-Rodeby)"]
[Site "?"]
[Date "2011.10.22"]
[Round "1"]
[White "Johansson, Per"]
[Black "Lundgren, Ulf"]
[Result "1/2-1/2"]
[WhiteElo "1973"]
[BlackElo "1910"]
[PlyCount "62"]

1. d4 d5 2. Nf3 Nf6 3. c4 c6 4. Nbd2 g6 5. g3 Bg7 6. Bg2 O-O 7. O-O Nbd7 8. Qc2
Re8 9. b3 e5 10. dxe5 Nxe5 11. Nxe5 Rxe5 12. Nf3 Re8 13. Bb2 Bf5 14. Qc1 Rxe2
15. Nd4 Rxb2 16. Qxb2 Ne4 17. Bxe4 dxe4 18. Rad1 c5 19. Nxf5 Bxb2 20. Rxd8+
Rxd8 21. Ne3 Kf8 22. Nd5 f5 23. Re1 Bd4 24. Kg2 b5 25. Nc7 Kf7 26. Nxb5 a6 27.
Nc7 Rd7 28. Nd5 a5 29. f3 exf3+ 30. Kxf3 Rb7 31. Rd1 Ke6 1/2-1/2